Tilastot visalle Suomen suurimmat sisämaakaupungit

Klikkaa tästä pelataksesi tätä visaa!

Yleistilastot

  • Tätä visaa on pelattu 105 kertaa
  • Keskiarvotulos 9 / 10

Vastaustilastot

VäkilukuKaupunki% Oikein
238 000Tampere
100%
142 000Jyväskylä
97%
119 000Kuopio
96%
120 000Lahti
95%
77 000Joensuu
94%
233 000Vantaa
92%
68 000Hämeenlinna
88%
73 000Lappeenranta
87%
64 000Seinäjoki
86%
82 000Kouvola
81%

Tulosjakauma

Persentiili vastausten määrän mukaan

Jokaisen tuloksen saaneiden osuus

Tuloshistoriasi

Et ole pelannut tätä visaa